01010 a2200169 45000010006000000050017000060080041000230030015000640400040000790800099001192450046002182500011002642640042002753000019003175050481003361000023008172964020260407155606.0260407a1955 arg spa dAR-UNSa-BCEJYS aAR-UNSa-BCEJYSbspacAR-UNSa-BCEJYS a657.36xBalances de comprobación (balance estimativo). Balances de saldo. Balance intermedio10aAnálisis e interpretación de balances a4a. ed 1aBuenos Aires :bPrometeo Librosc1955 a237 p.c22 cm. a1. El análisis de balances - 2. Metodología de análisis - 3. Clasificación de cuentas. Tipificación de balances - 4. Análisis patrimonial - 5. Análisis de la solvencia - 6. Análisis de las inmovilizaciones - 7. Análisis de los bienes nominales y cargos diferidos - 8. Análisis de rendimiento - 9. Relación entre el balance y el estado demostrativo de ganancias y pérdidas - 10. Ponderación general de índices - 11. Bases para redactar los informes 1 aCholvis, Francisco